| 000 | 00522nam a2200181Ia 4500 | ||
|---|---|---|---|
| 005 | 20250508150941.0 | ||
| 008 | 008 250505s9999 xx 000 0 eng d | ||
| 037 | _aTextual | ||
| 040 |
_aFEDL _beng _cFEDL |
||
| 041 |
_aeng _2eng |
||
| 084 |
_a745.2, KLE _qFEDL |
||
| 100 |
_aKyle John _9334264 |
||
| 245 | 0 | _aDesign for industrial arts, Book 1--- Woodwork | |
| 260 |
_aToronto, Canada _bThomas Nelson and Sons, Ltd. _c1931 |
||
| 300 | _a136p | ||
| 942 |
_cTEXL _h745.2, KLE |
||
| 999 |
_c1326675 _d1326675 |
||